Central Library OPAC University of Rajshahi

The age of reason / (Record no. 63940)

MARC details
000 -LEADER
fixed length control field 00659nam a2200229 a 4500
001 - CONTROL NUMBER
control field 63940
003 - CONTROL NUMBER IDENTIFIER
rucl marc code BD-RjUL
005 - DATE AND TIME OF LATEST TRANSACTION
control field 20250809111849.0
008 - FIXED-LENGTH DATA ELEMENTS--GENERAL INFORMATION
fixed length control field 170205r19471959enk 000 1 eng d
020 ## - INTERNATIONAL STANDARD BOOK NUMBER
International Standard Book Number 0241900131
035 ## - SYSTEM CONTROL NUMBER
System control number BD-RjUL64070
040 ## - CATALOGING SOURCE
Original cataloging agency BD-RjUL
Language of cataloging eng
Transcribing agency BD-RjUL
041 ## - LANGUAGE CODE
Language code of text/sound track or separate title eng
082 ## - DEWEY DECIMAL CLASSIFICATION NUMBER
Edition number 23
Classification number 843
Author mark and year SAA 1957
100 1# - MAIN ENTRY--PERSONAL NAME
Personal name Sartre, Jean-Paul,
Dates associated with a name 1905-1980.
9 (RLIN) 183540
245 14 - TITLE STATEMENT
Title The age of reason /
Statement of responsibility, etc. Jean-Paul Sartre ; translated from the French by Eric Sutton
260 ## - PUBLICATION, DISTRIBUTION, ETC. (IMPRINT)
Place of publication, distribution, etc. London :
Name of publisher, distributor, etc. ,
Date of publication, distribution, etc. 1957
300 ## - PHYSICAL DESCRIPTION
Pagination 350 p. ;
Size 22 cm
650 ## - SUBJECT ADDED ENTRY--TOPICAL TERM
Topical term or geographic name as entry element French Fictions
9 (RLIN) 189859
700 ## - ADDED ENTRY--PERSONAL NAME
Personal name Sutton, eric, translate
942 ## - ADDED ENTRY ELEMENTS (KOHA)
Source of classification or shelving scheme Dewey Decimal Classification
Koha item type Books
Holdings
Lost status Source of classification or shelving scheme Damaged status Not for loan Collection code Permanent Location Current Location Shelving location Date acquired Source of acquisition Cost, normal purchase price Total Checkouts Full call number Date last seen Copy number Koha item type
  Dewey Decimal Classification   Not For Loan Fiction Central Library, University of Rajshahi Central Library, University of Rajshahi Reading Room 10/04/1962 Paragon Enterprises Dhaka 8.55   843 SAA 1957 05/02/2017 C-1 Books